LEADER 01798nam 2200553Ia 450 001 9910953335903321 005 20250709215203.0 010 $a9781607805731 010 $a1607805731 035 $a(CKB)2560000000010794 035 $a(EBL)536111 035 $a(OCoLC)645095663 035 $a(SSID)ssj0000674371 035 $a(PQKBManifestationID)11464116 035 $a(PQKBTitleCode)TC0000674371 035 $a(PQKBWorkID)10662543 035 $a(PQKB)10779988 035 $a(MiAaPQ)EBC536111 035 $a(Au-PeEL)EBL536111 035 $a(CaPaEBR)ebr10391474 035 $a(FR-PaCSA)45004847 035 $a(FRCYB45004847)45004847 035 $a(EXLCZ)992560000000010794 100 $a19990901d2010 uy 0 101 0 $aeng 135 $aur|n|---||||| 181 $ctxt 182 $cc 183 $acr 200 10$aNamibia $ecommunications 205 $a2nd ed. 210 $aPetaluma, CA $cWorld Trade Press$d2010 215 $a1 online resource (27 p.) 300 $aDescription based upon print version of record. 330 $aGet all three comprehensive reports bundled into one for a complete media and communications profile of Namibia. An excellent source of practical information, this profile offers an extensive dialing guide with city codes, a listing of ISPs and Internet cafes, profiles of the major media outlets (with contact info!) and more. 517 3 $aNamibia communications 606 $aTelecommunication$zNamibia 606 $aMass media$zNamibia 615 0$aTelecommunication 615 0$aMass media 676 $a302.2309 712 02$aWorld Trade Press. 801 0$bMiAaPQ 801 1$bMiAaPQ 801 2$bMiAaPQ 906 $aBOOK 912 $a9910953335903321 996 $aNamibia$9650124 997 $aUNINA